RICS sustainability report 2023 (Record no. 121725)
[ view plain ]
| 000 -LEADER | |
|---|---|
| fixed length control field | 01384nam a22002417a 4500 |
| 008 - FIXED-LENGTH DATA ELEMENTS--GENERAL INFORMATION | |
| fixed length control field | 231206s2023 xxk|||||o|||| 00| 0 eng d |
| 020 ## - INTERNATIONAL STANDARD BOOK NUMBER | |
| ISBN | 9781783215157 |
| 041 ## - LANGUAGE CODE | |
| Language code of text/sound track or separate title | eng |
| 100 ## - MAIN ENTRY--PERSONAL NAME | |
| Personal author | Zehra, Kisa |
| 110 ## - MAIN ENTRY--CORPORATE NAME | |
| Corporate author | Royal Institution of Chartered Surveyors |
| 245 ## - TITLE STATEMENT | |
| Title | RICS sustainability report 2023 |
| Medium | [Electronic resource] |
| 260 ## - PUBLICATION INFORMATION | |
| Place of publication | London, |
| Publisher | Royal Institution of Chartered Surveyors, |
| Date | 30 November 2023 |
| 300 ## - PHYSICAL DESCRIPTION | |
| Physical description | 24p. |
| 520 ## - ABSTRACT | |
| Abstract | Now in its third year, the RICS Sustainability Report provides a global benchmark for issues of climate, carbon and sustainability practice. This year’s edition represents the sentiment of around 4,600 real estate and construction professionals from across more than 30 countries. There is much to be positive about. Nearly half of respondents globally report a rise in occupier and investor demand for climate-adapted real estate. Predominantly the rise is described as modest, but it builds on rising interest also noted in our previous three annual reports. |
| 650 ## - KEYWORDS | |
| Keywords | SUSTAINABILITY |
| 650 ## - KEYWORDS | |
| Keywords | BUILT ENVIRONMENT |
| 650 ## - KEYWORDS | |
| Keywords | ENVIRONMENT |
| 651 ## - SUBJECT ADDED ENTRY--GEOGRAPHIC NAME | |
| Geographic name | International |
| 690 ## - BROAD SUBJECT | |
| 9 (RLIN) | 6271 |
| Broad subject | Sustainability |
| 710 ## - ADDED CORPORATE NAME | |
| Added corporate author | Royal Institution of Chartered Surveyors |
| 856 ## - ONLINE RESOURCE | |
| Uniform Resource Identifier | <a href="https://www.rics.org/content/dam/ricsglobal/documents/reports/rics-sustainability-report-2023-final.pdf">https://www.rics.org/content/dam/ricsglobal/documents/reports/rics-sustainability-report-2023-final.pdf</a> |
| Public note | Available free on RICS.org |
| 942 ## - ADDED ENTRY ELEMENTS (KOHA) | |
| Suppress in OPAC | Do not suppress in OPAC |
| Lost status | Source of classification or shelving scheme | Damaged status | Not for loan | Current library | Shelving location | Date acquired | Total Checkouts | Full call number | Date last seen | Price effective from | Koha item type |
|---|---|---|---|---|---|---|---|---|---|---|---|
| Dewey Decimal Classification | Virtual | Online | 06/12/2023 | ONLINE PUBLICATION | 21/11/2024 | 06/12/2023 | Online material |